Indicadores nacionales 2006-2007: ciencia, tecnología e innovación /

El documento se presenta una recopilación detallada de datos y estadísticas relacionados con el ámbito científico, tecnológico e innovador del país. Este informe ofrece una visión panorámica de la situación en dichos campos durante los años 2006 y 2007, abordando aspectos como la inversión en invest...

Descrizione completa

Salvato in:
Dettagli Bibliografici
Ente Autore: Costa Rica. Ministerio de Ciencia y Tecnología
Natura: Sconosciuto
Lingua:Spanish
Pubblicazione: San José, Costa Rica: MICIT
Soggetti:
Tags: Aggiungi Tag
Nessun Tag, puoi essere il primo ad aggiungerne!!

MARC

LEADER 00000 a2200000 04500
001 45222
003 cru CIDCAS/IIS
005 20230907161702.0
008 050630s2008 cr spa d
020 |a 978-9968-732-28-4  
040 |c cru CIDCAS/IIS 
090 |a 18.01.01 CR8375i  
110 |a Costa Rica. Ministerio de Ciencia y Tecnología  
245 |a Indicadores nacionales 2006-2007:   |b ciencia, tecnología e innovación /  |c Ministerio de Ciencia y Tecnología  
260 |a San José, Costa Rica:   |b MICIT  
300 |a 100 páginas :   |b tablas, gráficos  
520 |a El documento se presenta una recopilación detallada de datos y estadísticas relacionados con el ámbito científico, tecnológico e innovador del país. Este informe ofrece una visión panorámica de la situación en dichos campos durante los años 2006 y 2007, abordando aspectos como la inversión en investigación y desarrollo, la producción científica, la formación de recursos humanos, la colaboración entre el sector público y privado, entre otros. Es un recurso valioso para comprender la evolución y el estado actual del panorama científico y tecnológico en Costa Rica. A través de una amplia gama de indicadores y estadísticas, el informe ofrece una visión detallada y rigurosa que facilita la toma de decisiones informadas y la promoción de políticas que impulsen el crecimiento y la excelencia en estos campos.RAR 
650 0 |2 OCDE  |9 125  |a INDICADORES 
650 0 |2 OCDE  |9 612  |a CIENCIA 
650 0 |2 OCDE  |9 1698  |a TECNOLOGIA 
650 0 |2 OCDE  |9 5318  |a INNOVACIONES 
650 0 |9 3372  |a INVESTIGACION Y DESARROLLO 
942 |2 z  |c LI 
999 |c 11150  |d 11150